000 00478nam a2200181Ia 4500
003 OSt
005 20230519112510.0
008 210423s1990 xx 000 0 und d
040 _cAL
041 _aeng
082 _a302
_223
_bMISA
100 _aMISRA (Girishwar),Ed.
_9109532
245 _aApplied social psychology in india.
260 _aNew Delhi
_bSage Publications
_c1990
365 _b495
_cINR
906 _aApplied ; india. ; psychology ; social
942 _2ddc
_cBK
999 _c172583
_d172583